Responses for Show #1941 - Monday, February 1, 1993

Contestants

[<< previous game]

Barbara Sontz, a computer consultant from New York City, New York

Emily Zehmer, a librarian originally from McKenney, Virginia

Ira Goodkofsky, a data processing manager originally from New Haven, Connecticut

[next game >>]

Jeopardy! Round responses

HISTORIC NAMES
MEDICAL TERMS
TOYS & GAMES
THE CARIBBEAN
PEAS
"Q"s
    $100 13
Churchill

Emily
    $100 1
marrow

Emily
    $100 3
a Slinky

Ira
    $100 24
Ireland

Ira
    $100 2
peas in a pod

Barbara
    $100 18
quack

Emily
    $200 14
Iwo Jima

Emily
    $200 4
a tonsillectomy

Barbara
    $200 5
a Bishop

Barbara
    $200 25
a volcano

Barbara
    $200 8
a peashooter

Barbara
    $200 20
Quebec

Emily
    $300 15
(George "Machine Gun") Kelly

Emily
    $300 11
the cornea

Emily
    $500 6
Mediterranean & Baltic

Barbara
    $300 26
(Emily: What is Bermuda?)

the British Virgin Islands

IraEmily
    $300 9
(Ira: What is a pea can?)

a beautiful pea-green boat

Ira
Triple Stumper
    $300 21
a question mark

Barbara
    $400 16
Haile Selassie

Barbara
    $400 12
the stomach

Emily
    $400 7
a View-Master

Emily
    $400 27
(Emily: Who is Captain Blood?)

Admiral Nelson

Emily
Triple Stumper
    $400 10
a princess

Ira
    $400 22
Quayle

Barbara
    $500 17
Lord Baden-Powell

Ira
    $500 29
an analgesic

Emily
    $500 28
mahjong

Emily
    $500 30
CuraƧao

Barbara
    $500 19
a snow pea

Emily
    $500 23
Quantrill

Ira

Scores at the first commercial break (after clue 12):

Ira Emily Barbara
$200 $1,200 $1,200

Scores at the end of the Jeopardy! Round:

Ira Emily Barbara
$1,600 $2,900 $3,000

Double Jeopardy! Round responses

DOUGLAS MacARTHUR
PUBLISHING
BIRDS
ROYALTY
THE ITALIAN CINEMA
1959
    $200 1
West Point

Ira
    $200 11
the Civil War

Emily
    $200 24
(Ira: What is an eagle?)
...
(Alex: A minute to go.)

the peacock

Ira
Triple Stumper
    $200 16
princes

Barbara
    $200 21
Sophia Loren

Barbara
    $200 6
Hawaii

Ira
    $400 2
(Emily: What is the Purple Heart?)

the Congressional Medal of Honor

IraEmily
    $400 12
(Barbara: Who is Nobel?)

(Joseph) Pulitzer

EmilyBarbara
    $400 25
a stork

Ira
    $400 17
Edinburgh

Emily
    $400 22
Spaghetti Westerns

Ira
    $400 7
(Ira: What is, uh, the Wash--[*]?)

the Lincoln Memorial

Ira
    $600 3
World War I

Emily
    $600 13
(Ira: What is, uh, Flear's?)
(Emily: What is Lear?)
(Alex: No.)
(Emily: [*].)

Lear's

IraEmilyBarbara
    $600 26
a parrot

Ira
    $600 18
(Ira: What is Norway?)

Sweden

IraBarbara
    $600 23
(Emily: Who is Antonini?)
(Barbara: Who is Fellini?)

Antonioni

EmilyBarbara
Triple Stumper
    $600 8
the Edsel

Barbara
    $800 4
the Missouri

Emily
    $800 14
Tina Brown

Triple Stumper
    $800 28
(Barbara: What is the carpenter bird?)
...
[The end-of-round signal sounds.]

the sapsucker

Barbara
Triple Stumper
    $800 19
Spain

Barbara
    $800 9
The Big Bopper

Ira
    $1000 5
(Barbara: What is Japan?)

Australia

IraBarbara
    $1,200 15
(Grace) Mirabella

Barbara
    $1000 27
waxwings

Triple Stumper
    $1000 20
(Ira: [Shakes head])

Baudouin

IraEmily
    $2,000 10
(Ira: Who was Dean Rusk?)

John Foster Dulles

Ira

Scores at the end of the Double Jeopardy! Round:

Ira Emily Barbara
$1,600 $4,700 $4,400

[wagering suggestions for these scores]

Final Jeopardy! Round responses

ORGANIZATIONS
(Alex: Let's begin by eliminating the Knights of Columbus and the Elks.)
[Laughter]
...
(Alex: [To Barbara] Doesn't matter how you spell it, but that's okay.)
...
(Alex: [To Emily] What is... what is that?)
(Emily: Skelly Galley, it's an Indian word meaning "white fish".)
IraWhat is Optimas
$1,600
BarbaraWhat is the Kiwanas?
$1,200
EmilyWhat is Skelly Galley?
$4,200
Kiwanis International

Final scores:

Ira Emily Barbara
$0 $500 $5,600
3rd place: Imperial wall coverings + Wheel of Fortune & Jeopardy! for the Super Nintendo Entertainment System & Sega Genesis 2nd place: trip on Delta to Savannah, Georgia & stay at The Westin Resort on Hilton Head, South Carolina New champion: $5,600

Game dynamics:

Coryat scores:

Ira Emily Barbara
$3,600 $4,700 $4,000
15 R,
6 W
(including 1 DD)
18 R,
5 W
17 R
(including 2 DDs),
4 W

Combined Coryat: $12,300

[game clues] [game scores] [suggest correction]

Game tape date: 1992-10-27
The J! Archive is created by fans, for fans. Scraping, republication, monetization, and malicious use prohibited; this site may use cookies and collect identifying information. See terms. The Jeopardy! game show and all elements thereof, including but not limited to copyright and trademark thereto, are the property of Jeopardy Productions, Inc. and are protected under law. This website is not affiliated with, sponsored by, or operated by Jeopardy Productions, Inc. Join the discussion at JBoard.tv.